| 000 | 00404nam a2200157Ia 4500 | ||
|---|---|---|---|
| 003 | Ost | ||
| 005 | 20260225132538.0 | ||
| 008 | 260225s9999||||xx |||||||||||||| ||und|| | ||
| 040 | _cfsic | ||
| 041 | _afre | ||
| 082 | _a658.834 | ||
| 100 |
_aJean marie flob _eAuteur |
||
| 245 | 0 | _aSémiotique marketing et communication sous les signes les stratégies / | |
| 245 | 0 | _cJean marie flob | |
| 942 | _cكتاب | ||
| 999 |
_c33345 _d33345 |
||